<?xml version="1.0" encoding="UTF-8"?>
<record
    xmlns:xsi="http://www.w3.org/2001/XMLSchema-instance"
    xsi:schemaLocation="http://www.loc.gov/MARC21/slim http://www.loc.gov/standards/marcxml/schema/MARC21slim.xsd"
    xmlns="http://www.loc.gov/MARC21/slim">

  <leader>00730nam a22001577a 4500</leader>
  <controlfield tag="003">OSt</controlfield>
  <controlfield tag="005">20160224145504.0</controlfield>
  <controlfield tag="008">160224b        xxu||||| |||| 00| 0 eng d</controlfield>
  <datafield tag="040" ind1=" " ind2=" ">
    <subfield code="c">RUA</subfield>
  </datafield>
  <datafield tag="082" ind1=" " ind2=" ">
    <subfield code="a">AGR  SEN 2014 B432  Or.1</subfield>
  </datafield>
  <datafield tag="100" ind1=" " ind2=" ">
    <subfield code="9">7433</subfield>
    <subfield code="a">SENG PHORSOHEA ; &#x179F;&#x17C1;&#x1784; &#x1797;&#x17D0;&#x179F;&#x17D2;&#x178F;&#x1797;&#x17B6;</subfield>
  </datafield>
  <datafield tag="245" ind1=" " ind2=" ">
    <subfield code="a">Economic efficiency of blace pepper production in kampong trach distric, kampot province , &#x1794;&#x17D2;&#x179A;&#x179F;&#x17B7;&#x1791;&#x17D2;&#x1792;&#x1797;&#x17B6;&#x1796;&#x179F;&#x17C1;&#x178A;&#x17D2;&#x178B;&#x1780;&#x17B7;&#x1785;&#x17D2;&#x1785;&#x1793;&#x17C3;&#x1795;&#x179B;&#x17B7;&#x178F;&#x1780;&#x1798;&#x17D2;&#x1798;&#x178A;&#x17C6;&#x178E;&#x17B6;&#x17C6;&#x1798;&#x17D2;&#x179A;&#x17C1;&#x1785;&#x179A;&#x1794;&#x179F;&#x17CB;&#x1780;&#x179F;&#x17B7;&#x1780;&#x179A;&#x1780;&#x17D2;&#x1793;&#x17BB;&#x1784;&#x179F;&#x17D2;&#x179A;&#x17BB;&#x1780;&#x1780;&#x17C6;&#x1796;&#x1784;&#x17CB;&#x178F;&#x17D2;&#x179A;&#x17B6;&#x1785; &#x1781;&#x17C1;&#x178F;&#x17D2;&#x178F;&#x1780;&#x17C6;&#x1796;&#x178F;</subfield>
  </datafield>
  <datafield tag="260" ind1=" " ind2=" ">
    <subfield code="a">Phnom Penh</subfield>
    <subfield code="b">RUA</subfield>
    <subfield code="c">2014</subfield>
  </datafield>
  <datafield tag="300" ind1=" " ind2=" ">
    <subfield code="a">ix ;33p.</subfield>
    <subfield code="b">ill.</subfield>
    <subfield code="c">29cm.</subfield>
  </datafield>
  <datafield tag="942" ind1=" " ind2=" ">
    <subfield code="2">ddc</subfield>
    <subfield code="c">AGR</subfield>
  </datafield>
  <datafield tag="999" ind1=" " ind2=" ">
    <subfield code="c">7019</subfield>
    <subfield code="d">7019</subfield>
  </datafield>
  <datafield tag="952" ind1=" " ind2=" ">
    <subfield code="0">0</subfield>
    <subfield code="1">0</subfield>
    <subfield code="2">ddc</subfield>
    <subfield code="4">0</subfield>
    <subfield code="6">AGR_SEN_2014_000000000000000_B432_OR_1</subfield>
    <subfield code="7">0</subfield>
    <subfield code="9">40838</subfield>
    <subfield code="a">LBB</subfield>
    <subfield code="b">LBB</subfield>
    <subfield code="c">B432</subfield>
    <subfield code="d">2016-02-24</subfield>
    <subfield code="l">2</subfield>
    <subfield code="o">AGR  SEN 2014 B432  Or.1</subfield>
    <subfield code="p">RUA052477</subfield>
    <subfield code="r">2020-01-10</subfield>
    <subfield code="s">2019-12-31</subfield>
    <subfield code="w">2016-02-24</subfield>
    <subfield code="y">AGR</subfield>
  </datafield>
  <datafield tag="952" ind1=" " ind2=" ">
    <subfield code="0">0</subfield>
    <subfield code="1">0</subfield>
    <subfield code="2">ddc</subfield>
    <subfield code="4">0</subfield>
    <subfield code="6">AGR_SEN_2014_000000000000000_B432_OR_2</subfield>
    <subfield code="7">0</subfield>
    <subfield code="9">40839</subfield>
    <subfield code="a">LBB</subfield>
    <subfield code="b">LBB</subfield>
    <subfield code="c">B432</subfield>
    <subfield code="d">2016-02-24</subfield>
    <subfield code="o">AGR  SEN 2014 B432  Or.2</subfield>
    <subfield code="p">RUA052531</subfield>
    <subfield code="r">2016-02-24</subfield>
    <subfield code="w">2016-02-24</subfield>
    <subfield code="y">AGR</subfield>
  </datafield>
  <datafield tag="952" ind1=" " ind2=" ">
    <subfield code="0">0</subfield>
    <subfield code="1">0</subfield>
    <subfield code="2">ddc</subfield>
    <subfield code="4">0</subfield>
    <subfield code="6">AGR_SEN_2014_000000000000000_B432_OR_3</subfield>
    <subfield code="7">0</subfield>
    <subfield code="9">40840</subfield>
    <subfield code="a">LBB</subfield>
    <subfield code="b">LBB</subfield>
    <subfield code="c">B432</subfield>
    <subfield code="d">2016-02-24</subfield>
    <subfield code="o">AGR  SEN 2014 B432  Or.3</subfield>
    <subfield code="p">RUA052935</subfield>
    <subfield code="r">2016-02-24</subfield>
    <subfield code="w">2016-02-24</subfield>
    <subfield code="y">AGR</subfield>
  </datafield>
  <datafield tag="952" ind1=" " ind2=" ">
    <subfield code="0">0</subfield>
    <subfield code="1">0</subfield>
    <subfield code="2">ddc</subfield>
    <subfield code="4">0</subfield>
    <subfield code="6">AGR_SEN_2014_000000000000000_B432_OR_4</subfield>
    <subfield code="7">0</subfield>
    <subfield code="9">40841</subfield>
    <subfield code="a">LBB</subfield>
    <subfield code="b">LBB</subfield>
    <subfield code="c">B432</subfield>
    <subfield code="d">2016-02-24</subfield>
    <subfield code="l">1</subfield>
    <subfield code="o">AGR  SEN 2014 B432  Or.4</subfield>
    <subfield code="p">RUA052657</subfield>
    <subfield code="r">2016-08-13</subfield>
    <subfield code="s">2016-07-15</subfield>
    <subfield code="w">2016-02-24</subfield>
    <subfield code="y">AGR</subfield>
  </datafield>
  <datafield tag="952" ind1=" " ind2=" ">
    <subfield code="0">0</subfield>
    <subfield code="1">0</subfield>
    <subfield code="2">ddc</subfield>
    <subfield code="4">0</subfield>
    <subfield code="6">AGR_SEN_2014_000000000000000_B432_OR_5</subfield>
    <subfield code="7">0</subfield>
    <subfield code="9">40842</subfield>
    <subfield code="a">LBB</subfield>
    <subfield code="b">LBB</subfield>
    <subfield code="c">B432</subfield>
    <subfield code="d">2016-02-24</subfield>
    <subfield code="l">3</subfield>
    <subfield code="m">2</subfield>
    <subfield code="o">AGR  SEN 2014 B432  Or.5</subfield>
    <subfield code="p">RUA052357</subfield>
    <subfield code="r">2016-05-26</subfield>
    <subfield code="s">2016-04-21</subfield>
    <subfield code="w">2016-02-24</subfield>
    <subfield code="y">AGR</subfield>
  </datafield>
  <datafield tag="952" ind1=" " ind2=" ">
    <subfield code="0">0</subfield>
    <subfield code="1">0</subfield>
    <subfield code="2">ddc</subfield>
    <subfield code="4">0</subfield>
    <subfield code="6">AGR_SEN_2014_000000000000000_B432_OR_6</subfield>
    <subfield code="7">0</subfield>
    <subfield code="9">40843</subfield>
    <subfield code="a">LBB</subfield>
    <subfield code="b">LBB</subfield>
    <subfield code="c">B432</subfield>
    <subfield code="d">2016-02-24</subfield>
    <subfield code="o">AGR  SEN 2014 B432  Or.6</subfield>
    <subfield code="p">RUA052378</subfield>
    <subfield code="r">2016-02-24</subfield>
    <subfield code="w">2016-02-24</subfield>
    <subfield code="y">AGR</subfield>
  </datafield>
  <datafield tag="952" ind1=" " ind2=" ">
    <subfield code="0">0</subfield>
    <subfield code="1">0</subfield>
    <subfield code="2">ddc</subfield>
    <subfield code="4">0</subfield>
    <subfield code="6">AGR_SEN_2014_000000000000000_B432_OR_7</subfield>
    <subfield code="7">0</subfield>
    <subfield code="9">40844</subfield>
    <subfield code="a">LBB</subfield>
    <subfield code="b">LBB</subfield>
    <subfield code="c">B432</subfield>
    <subfield code="d">2016-02-24</subfield>
    <subfield code="l">3</subfield>
    <subfield code="m">1</subfield>
    <subfield code="o">AGR  SEN 2014 B432  Or.7</subfield>
    <subfield code="p">RUA052553</subfield>
    <subfield code="r">2018-07-17</subfield>
    <subfield code="s">2018-07-10</subfield>
    <subfield code="w">2016-02-24</subfield>
    <subfield code="y">AGR</subfield>
  </datafield>
  <datafield tag="952" ind1=" " ind2=" ">
    <subfield code="0">0</subfield>
    <subfield code="1">0</subfield>
    <subfield code="2">ddc</subfield>
    <subfield code="4">0</subfield>
    <subfield code="6">AGR_SEN_2014_000000000000000_B432_OR_8</subfield>
    <subfield code="7">0</subfield>
    <subfield code="9">40845</subfield>
    <subfield code="a">LBB</subfield>
    <subfield code="b">LBB</subfield>
    <subfield code="c">B432</subfield>
    <subfield code="d">2016-02-24</subfield>
    <subfield code="l">1</subfield>
    <subfield code="o">AGR  SEN 2014 B432  Or.8</subfield>
    <subfield code="p">RUA052673</subfield>
    <subfield code="r">2016-05-25</subfield>
    <subfield code="s">2016-05-05</subfield>
    <subfield code="w">2016-02-24</subfield>
    <subfield code="y">AGR</subfield>
  </datafield>
  <datafield tag="952" ind1=" " ind2=" ">
    <subfield code="0">0</subfield>
    <subfield code="1">0</subfield>
    <subfield code="2">ddc</subfield>
    <subfield code="4">0</subfield>
    <subfield code="6">AGR_SEN_2014_000000000000000_B691_OR_1</subfield>
    <subfield code="7">0</subfield>
    <subfield code="9">87019</subfield>
    <subfield code="a">LBB</subfield>
    <subfield code="b">LBB</subfield>
    <subfield code="c">B691</subfield>
    <subfield code="d">2021-10-11</subfield>
    <subfield code="o">AGR  SEN 2014 B691 Or.1</subfield>
    <subfield code="p">A066347</subfield>
    <subfield code="r">2021-10-11</subfield>
    <subfield code="w">2021-10-11</subfield>
    <subfield code="y">AGR</subfield>
  </datafield>
  <datafield tag="952" ind1=" " ind2=" ">
    <subfield code="0">0</subfield>
    <subfield code="1">0</subfield>
    <subfield code="2">ddc</subfield>
    <subfield code="4">0</subfield>
    <subfield code="6">AGR_SEN_2014_000000000000000_B043_OR_1</subfield>
    <subfield code="7">0</subfield>
    <subfield code="9">88381</subfield>
    <subfield code="a">LBB</subfield>
    <subfield code="b">LBB</subfield>
    <subfield code="c">B043</subfield>
    <subfield code="d">2021-12-17</subfield>
    <subfield code="o">AGR  SEN 2014 B043  Or.1</subfield>
    <subfield code="p">A066841</subfield>
    <subfield code="r">2021-12-17</subfield>
    <subfield code="w">2021-12-17</subfield>
    <subfield code="y">AGR</subfield>
  </datafield>
</record>
